| 000 | 00547nam a2200157 a 4500 | ||
|---|---|---|---|
| 001 | 000033459 | ||
| 005 | 20200930070255.0 | ||
| 008 | 110830s1966 dr 000 0 spa d | ||
| 040 |
_aDO-SdBNP _bspa _cBNPHU |
||
| 082 | _aB562g | ||
| 100 | 1 |
_aBetancourt, Rómulo, _d1908 -1981 _916784 |
|
| 245 | 1 | 0 |
_aGolpes de estado y gobiernos de fuerza en América Latina : _bLa dramática experiencia dominicana / _cRómulo Betancourt. |
| 246 | 1 | _aLa dramática experiencia dominicana | |
| 260 |
_aCaracas, Venezuela : _bArte, _c1966. |
||
| 300 |
_a64 p. ; _c20 cm. |
||
| 999 |
_c32950 _d32950 |
||